| 000 | 00887cam a2200301 4500 | ||
|---|---|---|---|
| 001 | J107838 | ||
| 008 | 000000n1999 000 0 eng u | ||
| 035 | _a(Sirsi) u107838 | ||
| 050 | _a690.241 | ||
| 110 |
_aCost Action C5 _93924 |
||
| 245 | _aCost Action C5 "Urban Heritage Building Maintenance" lime technology workshop in rendered facades - Stockholm 13-15 September 1998 | ||
| 260 |
_aEdinburgh _bHistoric Scotland _c1999 |
||
| 300 | _aviii, 35p. ; 30cm. | ||
| 520 | _aConference proceedings | ||
| 650 | _aLIME PLASTER | ||
| 650 | _aCONSERVATION | ||
| 650 | _aRESTORATION | ||
| 650 | _aNORWAY | ||
| 650 | _aITALY | ||
| 650 | _aSCOTLAND | ||
| 650 | _aBELGIUM | ||
| 650 | _aFACADES | ||
| 650 | _aPORTUGAL | ||
| 650 | _aGERMANY | ||
| 650 | _aBRICKWORK | ||
| 690 | _aBUILT ENVIRONMENT-BUILDING MAINTENANCE AND REFURBISHMENT-BUILDING CONSERVATION | ||
| 942 | _n0 | ||
| 999 |
_c100724 _d100724 |
||